000
00212 a2200109 4500
020
_a
1562703072
041
_a
spa
100
_a
Patricia Kelly
245
_a
Busca en la bolsa de Mama
942
_c
BK
952
_7
4
999
_c
19950
_d
19950